Score 0/20 Timer 03:00
0 Plays Today
Clue B or A? % Correct
YouTube is founded???
87%
The Winter Olympics are held in Turin, Italy???
73.1%
Fidel Castro resigns as president of Cuba???
71.4%
The Summer Olympics are held in Beijing, China???
69.3%
Michael Jackson dies???
66.9%
Kyrgyzstan acquires its name when claiming independence???
66.4%
The film Avatar is released???
65.8%
Arsenal seal an unbeaten season and win their last Premier League title to date???
62.6%
Tiger Woods wins his last major to date???
60.2%
Google Chrome is first released???
60.1%
Clue B or A? % Correct
Live 8 benefit concerts take place worldwide???
59.3%
Pope John Paul II dies???
59.2%
7/7 London bombings occur???
58.9%
First proton beam sent around the Large Hadron Collider???
56.4%
Grand Theft Auto 4 is released for PS3 and Xbox 360???
56.4%
Swine flu is declared as a global pandemic???
55.2%
Amy Winehouse releases her Back to Black album???
52.2%
Airbus A380 makes its first flight???
45.6%
The first Hunger Games book is released???
45.4%
Twitter is launched???
39.1%
Remove Ads.
Support Sporcle.
Get the best of Sporcle when you Go Orange. This ad-free experience offers more features, more stats, and more fun while also helping to support Sporcle. Thank you for becoming a member.

You're not logged in!

Compare scores with friends on all Sporcle quizzes.
OR
Log In

Show Comments

Extras

Top Quizzes Today


Score Distribution

Your Account Isn't Verified!

In order to create a playlist on Sporcle, you need to verify the email address you used during registration. Go to your Sporcle Settings to finish the process.

Report this User

Report this user for behavior that violates our Community Guidelines.

Details: